<?xml version="1.0" encoding="UTF-8"?><?xml-stylesheet type="text/xsl" href="static/style.xsl"?><OAI-PMH xmlns="http://www.openarchives.org/OAI/2.0/" xmlns:xsi="http://www.w3.org/2001/XMLSchema-instance" xsi:schemaLocation="http://www.openarchives.org/OAI/2.0/ http://www.openarchives.org/OAI/2.0/OAI-PMH.xsd"><responseDate>2026-06-29T22:27:02Z</responseDate><request verb="GetRecord" identifier="oai:docta.ucm.es:20.500.14352/108846" metadataPrefix="marc">https://docta.ucm.es/rest/oai/request</request><GetRecord><record><header><identifier>oai:docta.ucm.es:20.500.14352/108846</identifier><datestamp>2025-03-18T12:44:43Z</datestamp><setSpec>com_20.500.14352_14</setSpec><setSpec>col_20.500.14352_15</setSpec></header><metadata><record xmlns="http://www.loc.gov/MARC21/slim" xmlns:dcterms="http://purl.org/dc/terms/" xmlns:xsi="http://www.w3.org/2001/XMLSchema-instance" xmlns:doc="http://www.lyncode.com/xoai" xsi:schemaLocation="http://www.loc.gov/MARC21/slim http://www.loc.gov/standards/marcxml/schema/MARC21slim.xsd">
   <leader>00925njm 22002777a 4500</leader>
   <datafield ind2=" " ind1=" " tag="042">
      <subfield code="a">dc</subfield>
   </datafield>
   <datafield ind2=" " ind1=" " tag="720">
      <subfield code="a">Moreno Lostao, Almudena</subfield>
      <subfield code="e">author</subfield>
   </datafield>
   <datafield ind2=" " ind1=" " tag="720">
      <subfield code="a">Barrio, Gregorio</subfield>
      <subfield code="e">author</subfield>
   </datafield>
   <datafield ind2=" " ind1=" " tag="720">
      <subfield code="a">Sordo Delcastillo, Luis</subfield>
      <subfield code="e">author</subfield>
   </datafield>
   <datafield ind2=" " ind1=" " tag="720">
      <subfield code="a">Cea Soriano, Trinidad Lucía</subfield>
      <subfield code="e">author</subfield>
   </datafield>
   <datafield ind2=" " ind1=" " tag="720">
      <subfield code="a">Martínez Hernández, David</subfield>
      <subfield code="e">author</subfield>
   </datafield>
   <datafield ind2=" " ind1=" " tag="720">
      <subfield code="a">Regidor Poyatos, Enrique</subfield>
      <subfield code="e">author</subfield>
   </datafield>
   <datafield ind2=" " ind1=" " tag="260">
      <subfield code="c">2019-06-27</subfield>
   </datafield>
   <datafield ind2=" " ind1=" " tag="520">
      <subfield code="a">Objective
To analyze the mortality trend in Spain before, during and after the economic crisis and austerity policies in the working-age population.

Methods
From 2005 to 2016 we calculated the annual all-cause mortality rate and the annual mortality rate from the main causes of death in the population aged 15 to 64. We also estimated the linear trends in mortality rates during four time intervals—2005–2007 (before crisis), 2008–2010 (first part of the crisis), 2011–2013 (second part of the crisis and implementation of austerity policies) and 2014–2016 (after the crisis)- by the annual percentage change (APC).

Results
The all-cause mortality rate in men and women showed the greatest decline in 2008–2010 and the smallest decline in 2014–2016. The decline in 2011–2013 was higher than in 2014–2016. The APCs in 2005–2007, 2008–2010, 2011–2013 and 2014–2016 were -2.8, -4.1, -3.0 and -1.5 in men and -1.0. -2.1, -1.1 and -0.6 in women, respectively, although the APC in 2014–2016 in women was not significant. In 2014–2016, cancer mortality showed the largest decrease, mortality from cardiovascular diseases (men), respiratory diseases and traffic accidents reversed and showed an upward trend, and the downward trend in mortality from infectious diseases and digestive diseases was equal to or greater than that observed before the crisis.

Conclusion
The decline in all-cause mortality in the working-age population during the economic crisis and the introduction of austerity measures was greater than that observed before and after the economic crisis. The slowing of the decline after the crisis was due to the reversal of the trend in mortality from cardiovascular and respiratory diseases.</subfield>
   </datafield>
   <datafield ind1="8" ind2=" " tag="024">
      <subfield code="a">Moreno-Lostao A, Barrio G, Sordo L, Cea-Soriano L, Martínez D, Regidor E (2019) Mortality in working-age population during the Great Recession and austerity in Spain. PLoS ONE 14(6): e0218410. https://doi.org/10.1371/journal.pone.0218410</subfield>
   </datafield>
   <datafield ind1="8" ind2=" " tag="024">
      <subfield code="a">10.1371/journal.pone.0218410</subfield>
   </datafield>
   <datafield ind1="8" ind2=" " tag="024">
      <subfield code="a">https://hdl.handle.net/20.500.14352/108846</subfield>
   </datafield>
   <datafield ind1="8" ind2=" " tag="024">
      <subfield code="a">1932-6203</subfield>
   </datafield>
   <datafield ind1="8" ind2=" " tag="024">
      <subfield code="a">https://doi.org/10.1371/journal.pone.0218410</subfield>
   </datafield>
   <datafield ind1="8" ind2=" " tag="024">
      <subfield code="a">31247019</subfield>
   </datafield>
   <datafield ind1="8" ind2=" " tag="024">
      <subfield code="a">https://journals.plos.org/plosone/article?id=10.1371/journal.pone.0218410</subfield>
   </datafield>
   <datafield ind2="0" ind1="0" tag="245">
      <subfield code="a">Mortality in working-age population during the Great Recession and austerity in Spain</subfield>
   </datafield>
</record></metadata></record></GetRecord></OAI-PMH>